Normal view
MARC view
- الرقابة الإدارية -- قوانين و تشريعات -- الأردن -- الرقابة القضائية على أعمال الإدارة -- الأردن
Entry Topical Term
001 - CONTROL NUMBER
- control field: 33445
003 - CONTROL NUMBER IDENTIFIER
- control field: JO-AjAnu
005 - DATE AND TIME OF LATEST TRANSACTION
- control field: 20230606075618.0
008 - FIXED-LENGTH DATA ELEMENTS
- fixed length control field: 230606|| aca||aabn | a|a d
040 ## - CATALOGING SOURCE
- Original cataloging agency: JO-AjAnu
- Transcribing agency: JO-AjAnu
150 ## - HEADING--TOPICAL TERM
- Topical term or geographic name entry element: الرقابة الإدارية -- قوانين و تشريعات -- الأردن -- الرقابة القضائية على أعمال الإدارة -- الأردن
670 ## - SOURCE DATA FOUND
- Source citation: Work cat.: (JO-AjAnu)17181: القبيلات، حمدي سليمان, author 33444, الرقابة الإدارية و المالية على الأجهزة الحكومية : دراسة تحليلية و تطبيقية